Measuring and instrumentation / (Record no. 165227)

MARC details
000 -LEADER
fixed length control field 00683nam a2200205 4500
005 - DATE AND TIME OF LATEST TRANSACTION
control field 20190612113534.0
010 ## - LCCN (DPL NO)
LC control number ENG-125539
020 ## - INTERNATIONAL STANDARD BOOK NUMBER
International Standard Book Number 9789353164720
Terms of availability 425.00
035 ## - SYSTEM CONTROL NUMBER
System control number EN-109071
037 ## - SOURCE OF ACQUISITION
Source of stock number/acquisition DBAD/PUB
082 ## - DEWEY DECIMAL CLASSIFICATION NUMBER
Classification number 621.37
100 ## - MAIN ENTRY--PERSONAL NAME
Personal name Salivahanan, S
245 ## - TITLE STATEMENT
Title Measuring and instrumentation /
Statement of responsibility, etc by S Salivahanan, R Rengaraj [and] GR Venkatakrishnan
260 ## - PUBLICATION, DISTRIBUTION, ETC. (IMPRINT)
Place of publication, distribution, etc Chennai
Name of publisher, distributor, etc McGraw Hill Education
Date of publication, distribution, etc 2019
270 ## - ADDRESS
Address 444/1, Sri Ekambara Naicker Industrial Estate
City Alapakkam, Porur, Chennai
Postal code 600116
Telephone number 18001035875
300 ## - PHYSICAL DESCRIPTION
Extent xvi, 344p.
Dimensions 24cm(pbk)
700 ## - ADDED ENTRY--PERSONAL NAME
Personal name Rengaraj, R
700 ## - ADDED ENTRY--PERSONAL NAME
Personal name Venkatakrishnan, GR
942 ## - ADDED ENTRY ELEMENTS (KOHA)
Source of classification or shelving scheme Dewey Decimal Classification
Item type English Books
Classification part 621.37
Call number suffix SAL
Holdings
Withdrawn status Lost status Not for loan Collection code Home library Current library Date acquired Source of acquisition Cost, normal purchase price Full call number Barcode Copy number Cost, replacement price Koha item type
      Non-fiction Sarojini Nagar Sarojini Nagar 12/06/2019 DBAD/PUB 425.00 621.37 SAL EN-109071 1 425.00 English Books

© Delhi Public Library
Hit Counter
free hit counter